Every Marvel Character A-L - Statistics

General Stats
  • This quiz has been taken 13 times
  • The average score is 54 of 475
Answer Stats
Answer % Correct
Captain America
90%
Iron Man
90%
Daredevil
70%
Hulk
70%
Ant Man
60%
Black Widow
60%
Deadpool
60%
Doctor Doom
60%
Gamora
60%
Groot
60%
Hank Pym
60%
Human Torch
60%
Black Cat
50%
Black Panther
50%
Blade
50%
Cable
50%
Captain Britain
50%
Captain Marvel
50%
Doctor Octopus
50%
Doctor Strange
50%
Electro
50%
Elektra
50%
Gambit
50%
Invisible Woman
50%
Iron Fist
50%
Abomination
40%
Adam Warlock
40%
Angel
40%
Apocalypse
40%
Banshee
40%
Beast
40%
Black Bolt
40%
Blob
40%
Carnage
40%
Colossus
40%
Falcon
40%
Green Goblin
40%
Hawkeye
40%
Lizard
40%
Agatha Harkness
30%
Avalanche
30%
Beta-Ray Bill
30%
Bishop
30%
Black Knight
30%
Bullseye
30%
Cyclops
30%
Drax
30%
Elsa Bloodstone
30%
Emma Frost
30%
Galactus
30%
Gwen Stacy
30%
Havok
30%
Hela
30%
Howard
30%
Iceman
30%
Iron Patriot
30%
Jean Grey
30%
Jessica Jones
30%
Jubilee
30%
Juggernaut
30%
Kitty Pryde
30%
Loki
30%
Luke Cage
30%
Agent X
20%
Ajak
20%
Amadeus Cho
20%
American Eagle
20%
Ancient One
20%
Anole
20%
Arcade
20%
Ares
20%
Armadillo
20%
Armor
20%
Arnim Zola
20%
Attuma
20%
Azazel
20%
Balder
20%
Baron Strucker
20%
Beak
20%
Beetle
20%
Betty Brant
20%
Big Bertha
20%
Big Wheel
20%
Black Tarantula
20%
Blink
20%
Blue Marvel
20%
Boom Boom
20%
Box
20%
Bulldozer
20%
Butterfly
20%
Callisto
20%
Cannonball
20%
Chameleon
20%
Cloak
20%
Cosmo
20%
Crossbones
20%
Crystal
20%
Dagger
20%
Devil Dinosaur
20%
Domino
20%
Dormammu
20%
Ebony Maw
20%
Echo
20%
Ego
20%
Eternity
20%
Ghost Rider
20%
Guardian
20%
Happy Hogan
20%
Hercules
20%
Hobgoblin
20%
Hulkling
20%
Ikaris
20%
Iron Heart
20%
Iron Monger
20%
Kang
20%
Killmonger
20%
Kingpin
20%
Klaw
20%
Kraven the Hunter
20%
Aaron Stack
10%
A-Bomb
10%
Absorbing Man
10%
Abyss
10%
Aero
10%
Agent Brand
10%
A.I.M.
10%
Air-Walker
10%
Albion
10%
Alexander Pierce
10%
Alex Power
10%
Alex Wilder
10%
Alicia Masters
10%
Amanda Sefton
10%
Amiko
10%
Amora
10%
Amphibian
10%
Anita Blake
10%
Annihilus
10%
Anthem
10%
Arachne
10%
Araña
10%
Arcana
10%
Aurora
10%
Baroness S'Bak
10%
Barracuda
10%
Bart Rozum
10%
Bastion
10%
Batroc the Leaper
10%
Battering Ram
10%
Battlestar
10%
Bedlam
10%
Beef
10%
Belasco
10%
Bengal
10%
Ben Grimm
10%
Ben Parker
10%
Ben Reilly
10%
Ben Urich
10%
Bethany Cabe
10%
Betty Ross
10%
Beyonder
10%
Black Crow
10%
Blackheart
10%
Blacklash
10%
Blackout
10%
Black Queen
10%
Black Tom
10%
Blastaar
10%
Blazing Skull
10%
Blindfold
10%
Bling!
10%
Blizzard
10%
Blockbuster
10%
Blok
10%
Bloke
10%
Blonde Phantom
10%
Bloodaxe
10%
Bloodscream
10%
Bloodstorm
10%
Blue Blade
10%
Blue Shield
10%
Blur
10%
Bob
10%
Boomer
10%
Boomerang
10%
Brood
10%
Brother Voodoo
10%
Brute
10%
Bug
10%
Bushwacker
10%
Calamity
10%
Caliban
10%
Calypso
10%
Cammi
10%
Captain Stacy
10%
Captain Universe
10%
Caretaker
10%
Cargill
10%
Carlie Cooper
10%
Carmella Unuscione
10%
Carrion
10%
Celestials
10%
Charlie-27
10%
Ch'od
10%
Controller
10%
Corsair
10%
Crimson Dynamo
10%
Daken
10%
Dark Beast
10%
Darkhawk
10%
Darkstar
10%
Darwin
10%
Dazzler
10%
Deathlok
10%
Debrii
10%
Destiny
10%
Diablo
10%
Doc Samson
10%
Doctor Voodoo
10%
Dracula
10%
Dragon Man
10%
Druig
10%
Dum Dum Dugan
10%
Energizer
10%
Executioner
10%
Fenris
10%
Firebird
10%
Firelord
10%
Firestar
10%
Fixer
10%
Foggy Nelson
10%
Forge
10%
Franklin Richards
10%
Gargoyle
10%
Giant Man
10%
Gilgamesh
10%
Glenn Talbot
10%
Gorgon
10%
Grandmaster
10%
Graviton
10%
Gravity
10%
Grey Gargoyle
10%
Grim Reaper
10%
H.A.M.M.E.R.
10%
Hammerhead
10%
Hepzibah
10%
H.E.R.B.I.E.
10%
Hit-Monkey
10%
Hope Summers
10%
Hydro-Man
10%
Impossible Man
10%
Iron Lad
10%
Jackal
10%
Jack O' Lantern
10%
Jackpot
10%
Jane Foster
10%
J. Jonah Jameson
10%
Karen Page
10%
Karma
10%
Karnak
10%
Ka-Zar
10%
King Cobra
10%
Korg
10%
Kree
10%
Kwannon
10%
Lady Bullseye
10%
Lady Deathstrike
10%
Lady Mastermind
10%
Leader
10%
Leech
10%
Lightspeed
10%
Living Tribunal
10%
Lockhead
10%
Longshot
10%
Luna Snow
10%
Agent Zero
0%
Captain Carter
0%
Cardiac
0%
Cassandra Nova
0%
Catseye
0%
Cecilia Reyes
0%
Centennial
0%
Cerebro
0%
Cerise
0%
Chamber
0%
Champions
0%
Changeling
0%
Chase Stein
0%
Chimera
0%
Chores MacGillicudy
0%
Chronomancer
0%
Chthon
0%
ClanDestine
0%
Clea
0%
Cloud 9
0%
Cobalt Man
0%
Colleen Wing
0%
Constrictor
0%
Contessa
0%
Cottonmouth
0%
Countess
0%
Count Nefaria
0%
Crule
0%
Crusher Hogan
0%
Cuckoo
0%
Curt Conners
0%
Cyber
0%
Cypher
0%
Daimon Hellstrom
0%
Dakota North
0%
Dani moonstar
0%
Danny Rand
0%
Dargo Ktor
0%
Dark Phoenix
0%
Deacon Frost
0%
Dead Girl
0%
Deathbird
0%
Deathcry
0%
Deathstrike
0%
Debra Whitman
0%
Deena Pilgram
0%
Demogoblin
0%
Detective Soap
0%
Devos
0%
Dexter Bennett
0%
Diamondback
0%
Dinah Soar
0%
Killraven
0%
D'Ken Neramani
0%
Doctor Faustus
0%
Doctor Spectrum
0%
Donald Blake
0%
Doop
0%
Doorman
0%
Dora Milaje
0%
Dragon Lord
0%
Dreadnoughts
0%
Dust
0%
Earthquake
0%
Edwin Jarvis
0%
Elite
0%
Elixir
0%
Elloe Kaifi
0%
Emily Bright
0%
Empath
0%
Emplate
0%
Enchantess
0%
Ender Wiggin
0%
Erik the Red
0%
Excalibur
0%
Exodus
0%
Ezekiel
0%
Fabian Cortez
0%
Famine
0%
Fantomex
0%
Fat Cobra
0%
Felecia Hardy
0%
Feril
0%
Fin Fang Foom
0%
Firebrand
0%
Flatman
0%
Force Works
0%
Forearm
0%
Forgotten One
0%
Frank Castle
0%
Franklin Storm
0%
Freak
0%
Frenzy
0%
Frog-Man
0%
Frog Thor
0%
Garrison Kane
0%
Gateway
0%
Gauntlet
0%
Genesis
0%
Genis-Vell
0%
George Stacy
0%
Gertrude Yorkes
0%
Giant Girl
0%
Gideon
0%
Gladiator
0%
Glorian
0%
Goblin Queen
0%
Goliath
0%
Gorilla Man
0%
Greycow
0%
GW Bridge
0%
Hairball
0%
Half-Life
0%
Hannibal King
0%
Hardball
0%
Harpoon
0%
Hate-Monger
0%
Hecate
0%
Hedge Knight
0%
Hellcat
0%
Hellion
0%
Hemingway
0%
Henry Peter Gyrich
0%
High Evolutionary
0%
Hindsight Lad
0%
Hiroim
0%
Hitman
0%
Holocaust
0%
Honey Badger
0%
Human Cannonball
0%
Human Robot
0%
Humbug
0%
Husk
0%
Hussar
0%
Hyperion
0%
Hypno-Hustler
0%
Ilyana Rasputin
0%
Immortus
0%
Imperial Guard
0%
In-Betweener
0%
Inertia
0%
Ink
0%
Isaiah Bradley
0%
Jack Murdock
0%
Jack Power
0%
James Buchanan Barnes
0%
James Howlett
0%
Jamie Braddock
0%
Janus
0%
Jasper Sitwell
0%
Jeryn Hogarth
0%
Jessica Drew
0%
Jetstream
0%
Jigsaw
0%
Jimmy Woo
0%
Jocasta
0%
John Jameson
0%
Johnny Blaze
0%
John Wraith
0%
Josaih X
0%
Joseph
0%
Joystick
0%
Julian Keller
0%
Junta
0%
Justice
0%
Justin Hammer
0%
Kabuki
0%
Karolina Dean
0%
Kate Bishop
0%
Kat Farrell
0%
Katie Power
0%
Ken Ellis
0%
Kid Colt
0%
Killer Shrike
0%
King Bedlam
0%
Komodo
0%
Korath
0%
Korvac
0%
Krakoa
0%
Kulan Gath
0%
La Nuit
0%
Lava Man
0%
Layla Miller
0%
Legion
0%
Lei Kung
0%
Leper Queen
0%
Lifeguard
0%
Lila Cheney
0%
Lilandra
0%
Lilith
0%
Lily Hollister
0%
Living Laster
0%
Living Lightning
0%
Living Mummy
0%
Liz Osborn
0%
Loa
0%
Lord Hawal
0%
Lorna Dane
0%
Lucky Pierre
0%
Lyja
0%
No matching quizzes found
Score Distribution
Percent of People with Each Score
Percentile by Number Answered
Your Score History
You have not taken this quiz